Music Quiz

Random Music or Clickable Quiz

Song-Writer Match Quiz Stats

 Plays Quiz Updated Dec 20, 2017

Score 0/15 Timer 05:00
0 Plays Today
% Correct
Bob Marley
81.2%
Dolly Parton
81.2%
Neil Diamond
52.1%
Otis Redding
51.7%
Prince
51.1%
Bee Gees
44.6%
Bruce Springsteen
40.4%
Tim Rice, Benny Andersson & Bjorn Ulvaeus
35.9%
% Correct
Lionel Richie
35.3%
Isaac Hayes & David Porter
32.6%
Bernard Edwards & Nile Rodgers
32.1%
Eddie Rabbitt
29.7%
Jeff Barry & Peter Allen
19.7%
Mark Knopfler
18.9%
Jim Steinman
18%

You're not logged in!

Compare scores with friends on all Sporcle quizzes.
OR
Log In

You Might Also Like...

Show Comments

Extras

Top Quizzes Today


Score Distribution

Your Account Isn't Verified!

In order to create a playlist on Sporcle, you need to verify the email address you used during registration. Go to your Sporcle Settings to finish the process.

Report this User

Report this user for behavior that violates our Community Guidelines.

Details: